Personal Financial Planning (Record no. 12419)
[ view plain ]
| 000 -LEADER | |
|---|---|
| fixed length control field | 00204nam a22000977a 4500 |
| 020 ## - INTERNATIONAL STANDARD BOOK NUMBER | |
| ISBN | 0-321-00927-4 |
| 082 ## - DEWEY DECIMAL CLASSIFICATION NUMBER | |
| Classification number | 332.024 |
| 100 ## - MAIN ENTRY--AUTHOR NAME | |
| Personal name | George E. Rejda |
| 245 ## - TITLE STATEMENT | |
| Title | Personal Financial Planning |
| 942 ## - ADDED ENTRY ELEMENTS (KOHA) | |
| Koha item type | Books |
| Withdrawn status | Lost status | Collection code | Permanent Location | Current Location | Shelving location | Date acquired | Full call number | Accession Number | Koha item type |
|---|---|---|---|---|---|---|---|---|---|
| | | Finance | MAJU | MAJU | Shelf No.A44 | 2020-06-10 | 332.024 | 599 | Finance |